000 00193nam a2200085 4500
001 1258019
005 20260223125853.0
245 _aANILARDAN ÖYKÜLER 2
_cİBRAHİM ZEKİ BUDURLU
260 _bTUDEM
999 _c1258019
_d1258019